00411nam a2200157Ia 4500003000400000008004100004040001600045082001600061100001700077245004600094260003800140300001000178650002800188650001400216650002300230GCL140319s9999 xx 000 0 eng d aGCL / cGCL04a299.56bH M1 aKOOKE, S. H.10aMIDDLE EASTERN MYTHOLOGY / cKOOKE, S. H. a[S.N] : bPENGUIN BOOKS ، c1963 a198 P04aMIDDLE EAST - MYTHOLOGY04aMYTHOLOGY04aEGYPTIAN MYTHOLOGY